000 00754nam a2200289Ia 4500
005 20260324112017.0
008 008 260324s9999 xx 000 0 eng d
020 _a9781003503378
037 _aEBOOK
040 _aCRL
040 _beng
040 _cCRL
041 _2eng
041 _aeng
084 _qCRL
100 _aElena Atanassova-Cornelis; Yoichiro Sato; Tom Sauer
_91140932
245 0 _aSecurity Order and Strategic Alignment in Europe and the Asia-Pacific
245 0 _bTimes of Global Power Shifts
260 _bTaylor and Francis
260 _c2025
365 _a
365 _b230
856 _uhttp://www.taylorfrancis.com/books/9781003503378
942 _cEBOOK
999 _c1729958
_d1729958